000 00370nam a2200133 i 4500
001 bg
100 1 _aPAPROCKA-GARLICKA, Wanda
245 0 _aPrzystosowanie belek ciągłych obciążonych grupami sił skupionych /
_cWanda Paprocka-Garlicka.
260 _aWarszawa,
_c1982.
040 _cBPK
041 _apol
942 _cKS
008 s pl f |000 0 pol
999 _c20822
_d20822
856 _uhttp://koha.tu.koszalin.pl/cgi-bin/koha/opac-detail.pl?biblionumber=20822
_yKatalog online BPK